000 00369nam a2200145Ia 4500
008 230711s9999||||xx |||||||||||||| ||und||
041 _aENG
082 _a5
_bAC-F
100 _aAckoff,Russell L
245 0 _aFundamentals of operational research
250 _a1st
260 _c1988
_aNew Delhi
_bWiley Eastern Limited
650 _aMechanical Engineering
942 _cBK
999 _c1464
_d1464